<?xml version="1.0" encoding="UTF-8"?>
<record
    xmlns:xsi="http://www.w3.org/2001/XMLSchema-instance"
    xsi:schemaLocation="http://www.loc.gov/MARC21/slim http://www.loc.gov/standards/marcxml/schema/MARC21slim.xsd"
    xmlns="http://www.loc.gov/MARC21/slim">

  <leader>00522nam a22001577a 4500</leader>
  <datafield tag="999" ind1=" " ind2=" ">
    <subfield code="c">18265</subfield>
    <subfield code="d">18265</subfield>
  </datafield>
  <controlfield tag="008">200306b        xxu||||| |||| 00| 0 eng d</controlfield>
  <datafield tag="020" ind1=" " ind2=" ">
    <subfield code="a">1449647391</subfield>
  </datafield>
  <datafield tag="040" ind1=" " ind2=" ">
    <subfield code="a">KABU</subfield>
    <subfield code="c">KABU</subfield>
  </datafield>
  <datafield tag="050" ind1=" " ind2=" ">
    <subfield code="a">QA76.585</subfield>
    <subfield code="b">.J36 2013 c. 1</subfield>
  </datafield>
  <datafield tag="100" ind1=" " ind2=" ">
    <subfield code="a">Jamsa, Kris</subfield>
  </datafield>
  <datafield tag="245" ind1=" " ind2=" ">
    <subfield code="a">Cloud computing</subfield>
    <subfield code="b">SaaS, PaaS, LaaS, Vitualization, Business Models, Mobile, Security, and More</subfield>
    <subfield code="c">Kris Jamsa</subfield>
  </datafield>
  <datafield tag="260" ind1=" " ind2=" ">
    <subfield code="a">Burlington, MA</subfield>
    <subfield code="b">Jones &amp; Bartlett Learning</subfield>
    <subfield code="c">2013</subfield>
  </datafield>
  <datafield tag="300" ind1=" " ind2=" ">
    <subfield code="a">xix, 322 p.</subfield>
  </datafield>
  <datafield tag="650" ind1=" " ind2=" ">
    <subfield code="a">Cloud computing</subfield>
  </datafield>
  <datafield tag="942" ind1=" " ind2=" ">
    <subfield code="2">lcc</subfield>
    <subfield code="c">BK</subfield>
    <subfield code="h">QA76.585</subfield>
  </datafield>
  <datafield tag="952" ind1=" " ind2=" ">
    <subfield code="0">0</subfield>
    <subfield code="1">0</subfield>
    <subfield code="2">lcc</subfield>
    <subfield code="7">0</subfield>
    <subfield code="a">KABU</subfield>
    <subfield code="b">KABU</subfield>
    <subfield code="d">2020-03-06</subfield>
    <subfield code="g">10093.00</subfield>
    <subfield code="l">2</subfield>
    <subfield code="o">QA76.585 .J36 2013 c. 1</subfield>
    <subfield code="p">028458</subfield>
    <subfield code="r">2024-03-18 09:33:09</subfield>
    <subfield code="s">2024-03-01</subfield>
    <subfield code="t">c. 1</subfield>
    <subfield code="w">2020-03-06</subfield>
    <subfield code="y">BK</subfield>
  </datafield>
  <datafield tag="952" ind1=" " ind2=" ">
    <subfield code="0">0</subfield>
    <subfield code="1">0</subfield>
    <subfield code="2">lcc</subfield>
    <subfield code="7">0</subfield>
    <subfield code="a">KABU</subfield>
    <subfield code="b">KABU</subfield>
    <subfield code="d">2020-03-06</subfield>
    <subfield code="g">10093.00</subfield>
    <subfield code="l">1</subfield>
    <subfield code="o">QA76.585 .J36 2013 c. 2</subfield>
    <subfield code="p">028459</subfield>
    <subfield code="r">2025-01-14 09:24:09</subfield>
    <subfield code="s">2024-12-07</subfield>
    <subfield code="t">c. 2</subfield>
    <subfield code="w">2020-03-06</subfield>
    <subfield code="y">BK</subfield>
  </datafield>
  <datafield tag="952" ind1=" " ind2=" ">
    <subfield code="0">0</subfield>
    <subfield code="1">0</subfield>
    <subfield code="2">lcc</subfield>
    <subfield code="7">0</subfield>
    <subfield code="a">KABU</subfield>
    <subfield code="b">KABU</subfield>
    <subfield code="d">2020-03-06</subfield>
    <subfield code="g">10093.00</subfield>
    <subfield code="l">1</subfield>
    <subfield code="o">QA76.585 .J36 2013 c. 3</subfield>
    <subfield code="p">028460</subfield>
    <subfield code="q">2024-12-19</subfield>
    <subfield code="r">2024-12-02 15:28:50</subfield>
    <subfield code="s">2024-12-02</subfield>
    <subfield code="t">c. 3</subfield>
    <subfield code="w">2020-03-06</subfield>
    <subfield code="y">BK</subfield>
  </datafield>
</record>
